000 00280nam a2200109Ia 4500
008 201231s9999 xx 000 0 und d
100 _aBhattacharjea, Ajit
245 0 _aCount down To Partition : The Final Days
260 _aNew Delhi
_bHarper Collins
300 _a112
942 _cBK
999 _c9736
_d9736